000 01115nam a22003377a 4500
003 CHAP
005 20220817042051.0
008 971013s1979 br r 00010 por d
010 _a33540
011 _a34512
035 _a38628
040 _cCHAP
082 0 4 _a635.21016
_bE5
110 2 _aEmpresa Brasileira de Pesquisa Agropecuaria
245 1 _aBibliografía brasileira de batatinha Solanum tuberosum L.
260 _aBrasilia :
_b(s.e.),
_c1979
300 _a352 p.
590 _aBATCH-UPD
_b10
_c20130110
_lUCH01
_h0124
590 _aBATCH-UPD
_b10
_c20130110
_lUCH01
_h2220
590 _aBATCH-UPD
_b10
_c20130410
_lUCH01
_h1519
590 _aBATCH-UPD
_b10
_c20130914
_lUCH01
_h0239
590 _aBATCH-UPD
_b10
_c20130914
_lUCH01
_h1853
590 _aCONVERSION
_b10
_c20130109
_lUCH01
_h1319
650 1 4 _aPapa
_xBibliografía.
_985192
700 0 _aAlmeida, Leda Muniz de.
_94508
700 0 _aBook, Olavo José.
_913768
901 _aBK
942 _cLIBRO
949 _a635.21016 E5
_bBC
_cC
_d33724000650198
_eC
_h63079
_i38628
_mD
_si
949 _a635.21016 E5
_bBC
_cC
_d33724000832853
_eC
_fc.2
_h52554
_i38628
_sb
999 _c33540
_d33540